| 000 | 01525nam a2200349 4500 | ||
|---|---|---|---|
| 003 | EC-UNACH | ||
| 005 | 20250506105104.0 | ||
| 006 | s||||gr|||| 00| 00 | ||
| 008 | 150116t9999 mx r gr 000 0 spa d | ||
| 020 | _a978-9942-661-73-9 | ||
| 040 |
_aEC-UNACH _cEC-UNACH |
||
| 041 | _aspa | ||
| 082 | 0 | 4 |
_223 _a307.141 2 _bL017708 |
| 100 | _aPérez Salas, Francisco Paúl / Guerrero Arrieta, Katherine Geovanna | ||
| 245 | _aDesarrollo rural: estrategias de asociatividad para pequeños productores agrícolas en el Mercado Mayorista de Riobamba | ||
| 250 | _aPrimera Edición | ||
| 264 |
_aRiobamba - Ecuador _bEditorial UNACH _c2025 |
||
| 264 | _aProducción UNACH | ||
| 300 |
_a174 páginas _bFiguras, Tablas |
||
| 501 | _aIncluye índice | ||
| 505 | _aCapítulo I. Asociatividad: perspectiva global -- Capítulo II. Producción y comercialización: perspectiva desde los productores comunitarios -- Capítulo III. Programa de asociatividad: perspectiva y estructura integral. | ||
| 650 | _aECONOMÍA POPULAR | ||
| 650 | _aEMPRENDIMIENTOS | ||
| 650 | _aDESARROLLO COMUNTARIO | ||
| 650 | _aPRODUCTORES COMUNITARIOS | ||
| 650 | _aPEQUEÑOS PRODUCTORES | ||
| 856 |
_uhttps://doi.org/10.37135/u.editorial.05.150 _yLibro Digital - Desarrollo rural: estrategias de asociatividad para pequeños productores agrícolas en el Mercado Mayorista de Riobamba |
||
| 942 |
_2ddc _cEBOOK |
||
| 999 | _c13584 | ||